| 000 | 01072nam a22002297i 4500 | ||
|---|---|---|---|
| 999 |
_c23631 _d23631 |
||
| 003 | AR-CdUCM | ||
| 008 | 260424b20222022 pe||||| |||| 00| 0 spa d | ||
| 020 | _a978-612-317-728-7 | ||
| 040 |
_aMUNICIPALIDAD PROVINCIAL DEL CUSCO _cBIBLIOTECA MUNICIPAL DEL CUSCO |
||
| 041 | _hspa | ||
| 082 |
_a305.80 _bL21 |
||
| 100 |
_aLamara, Gonzalo _952675 |
||
| 245 | _aCómo piensan los "indios" : | ||
| 260 |
_aLima-Perú: _bPontificia Universidad Católica del Perú - Fondo Editorrial _c2022 |
||
| 300 |
_a243 páginas. : _c24x17 cm. |
||
| 500 | _zPáginas: 221-243 | ||
| 505 | _aUna inteligencia material -- Historia, raza y gracia para la gente que ve al mundo a través de la blanquitud -- El presente colonial explicado a hombres ciegos que están cabeza abajo -- Los Comentarios Reales de los Incas; o lo que realmente pensamos a cerca de lo que piensas y lo que hacemos con ello -- Relatos del inframundo e indios impensables | ||
| 650 |
_aInteligencia material _952676 |
||
| 856 | _fwww.pucp.edu.pe/publicaciones | ||
| 942 |
_2ddc _cLIBROS |
||
| 945 |
_apbjr _d24-04-2026 |
||